000 00646nam a2200205Ia 4500
003 GCL
008 140319s9999 xx 000 0 ara d
040 _aGCL /
_cGCL
082 0 4 _aق
_b962.32
_bع ا
100 1 _aعبدالمعز شاهين
245 1 0 _aالاسس العلمية لعلاج وصيانة الرق والبردى /
_cعبدالمعز شاهين
260 _a[S.N] :
_bهيئة الاثار المصرية ،
_c1981
300 _a278 ص
490 _a
650 0 4 _aمصر القديمة
650 0 4 _aالحضارة الفرعونية
650 0 4 _aعلم المصريات
650 0 4 _aالبردى
942 _2ddc
_cBK
999 _c30420
_d30420